000 01486nam a2200361 i 4500
001 177859
003 ES-MaACL
005 20250807213136.0
008 110503s2009 sp a |||| | spa d
017 _aAs-5.930-2009
020 _a9788493617165
080 _a821.134.2(72) Fernández de Lizardi, José Joaquín 1.07
080 _a308-055.2-058.833(72)"17"
080 _a308-055.2-058.833(0:82)
100 1 _aInsúa Cereceda, Mariela.
_9146340
245 1 3 _aLa mujer casada en la Nueva España de la Ilustración
_b: la obra de José Joaquín Fernández de Lizardi /
_cMariela Insúa.
260 _aGijón :
_bFundación Foro Jovellanos del Principado de Asturias,
_c2009.
300 _a282 p. :
_bil. ;
_c24 cm.
490 1 _aCuadernos de investigación.
_aMonografías ;
_v8
500 _aÍndice.
504 _aBibliografía: p. [253]-271.
586 8 _aXI Premio Internacional de Investigación Fundación Foro Jovellanos del Principado de Asturias, 2009
600 1 7 _aFernández de Lizardi, José Joaquín.
_949684
650 7 _aMujeres-
_zMéxico-
_xSituación social
_2
_9167790
650 7 _aMujeres-
_xEn la literatura.
_915271
710 2 _aFundación Foro Jovellanos del Principado de Asturias.
_94306
830 1 _aCuadernos de investigación.
_aMonografías ;
_v8
_9189280
852 _aES-MaACL
_9R.146930
_dOlim:N-4130
_jA-11125
_cDEPO1
901 _ednr
942 _2udc
_cMONOGRAFIA
999 _c177859
_d177859